| 000 -LEADER |
| fixed length control field |
00640cam a22002291 4500 |
| 001 - CONTROL NUMBER |
| control field |
8431855 |
| 005 - DATE AND TIME OF LATEST TRANSACTION |
| control field |
20220427115048.0 |
| 008 - FIXED-LENGTH DATA ELEMENTS--GENERAL INFORMATION |
| fixed length control field |
750619s2016 enk 000 0 eng |
| 010 ## - LIBRARY OF CONGRESS CONTROL NUMBER |
| LC control number |
61005107 |
| 020 ## - INTERNATIONAL STANDARD BOOK NUMBER |
| International Standard Book Number |
9788131244661 |
| 080 ## - UNIVERSAL DECIMAL CLASSIFICATION NUMBER |
| Universal Decimal Classification number |
612(075.8) H-19 |
| 100 1# - MAIN ENTRY--PERSONAL NAME |
| Personal name |
Hall, John E. |
| 9 (RLIN) |
7318 |
| 245 10 - TITLE STATEMENT |
| Title |
Textbook of medical physiology / |
| Statement of responsibility, etc. |
Hall J. E. |
| 250 ## - EDITION STATEMENT |
| Edition statement |
2d ed. |
| 264 ## - PRODUCTION, PUBLICATION, DISTRIBUTION, MANUFACTURE, AND COPYRIGHT NOTICE |
| Place of production, publication, distribution, manufacture |
Philadelphia: |
| Name of producer, publisher, distributor, manufacturer |
Elsevier, |
| Date of production, publication, distribution, manufacture, or copyright notice |
2016. |
| 300 ## - PHYSICAL DESCRIPTION |
| Extent |
927 p. |
| Other physical details |
illus. |
| Dimensions |
27cm. |
| 653 ## - INDEX TERM--UNCONTROLLED |
| keyword |
Pathological |
| 653 ## - INDEX TERM--UNCONTROLLED |
| keyword |
პატოფიზიოლოგია |
| 653 ## - INDEX TERM--UNCONTROLLED |
| keyword |
Physiology |
| 653 ## - INDEX TERM--UNCONTROLLED |
| keyword |
ფიზიოლოგია |
| 942 ## - ADDED ENTRY ELEMENTS (KOHA) |
| Source of classification or shelving scheme |
|
| Koha item type |
წიგნი |